| 000 | 00674nam a22002177a 4500 | ||
|---|---|---|---|
| 005 | 20221222152022.0 | ||
| 008 | 221222b ||||| |||| 00| 0 eng d | ||
| 020 | _a3347370465457 | ||
| 040 | _cAL | ||
| 041 | _aEnglish | ||
| 082 |
_223 _a338.1 _bSUBA |
||
| 100 |
_aShankar Subramanian _967616 |
||
| 245 | _aAgricultural Trade Liberalisation and India | ||
| 260 |
_aFrance _bOrganisation for Economic Co Operation and Development _c1993 |
||
| 300 |
_a116 p. _bPB _c22x16 cm. |
||
| 440 |
_aDevelopment Centre Studies _967617 |
||
| 650 |
_aSocial Accounting _967618 |
||
| 650 |
_aAgricultural Growth _967619 |
||
| 700 |
_aSUBRAMANIAN (Shankar) _967620 |
||
| 942 |
_2ddc _cDB |
||
| 999 |
_c226064 _d226064 |
||